000 01190cam a2200337 a 4500
001 12154392
003 OSt
005 20140310182731.0
008 000825s2001 maua b 001 0 eng
010 _a 00064608
020 _a9814096512
040 _aDLC
_cDLC
_dDLC
050 0 0 _aQA 267
_b.H56 2001
100 1 _aHopcroft, John E.,
_d1939-
245 1 0 _aIntroduction to automata theory, languages, and computation /
_cJohn E. Hopcroft, Rajeev Motwani, Jeffrey D. Ullman.
250 _a2nd ed.
260 _aBoston :
_bAddison-Wesley,
_c2001.
300 _axiv, 521 p. :
_bill. ;
_c22 cm.
504 _aIncludes bibliographical references (p. 510-511) and index.
521 _aIT
562 _e.
650 0 _aMachine theory.
650 0 _aFormal languages.
650 0 _aComputational complexity.
700 1 _aMotwani, Rajeev.
700 1 _aUllman, Jeffrey D.,
_d1942-
906 _a7
_bcbc
_corignew
_d1
_eocip
_f20
_gy-gencatlg
942 _2lcc
_cBK
_kFOR
999 _c15462
_d15462